Online
Catalog

El viaje : (Record no. 22019)

MARC details
000 -CABECERA
campo de control de longitud fija 01369nam a2200325 u 4500
001 - NÚMERO DE CONTROL
campo de control 000022521
003 - IDENTIFICADOR DEL NÚMERO DE CONTROL
campo de control OSt
005 - FECHA Y HORA DE LA ÚLTIMA TRANSACCIÓN
campo de control 20240530073919.0
008 - DATOS DE LONGITUD FIJA--INFORMACIÓN GENERAL
campo de control de longitud fija 100810s2003 dr r 000 0 spa d
020 ## - NÚMERO INTERNACIONAL ESTÁNDAR DEL LIBRO
ISBN cancelado o inválido 999345558X
040 ## - FUENTE DE LA CATALOGACIÓN
Centro catalogador/agencia de origen DO-SdBNP
Lengua de catalogación spa
Centro/agencia transcriptor BNPHU
082 ## - NÚMERO DE LA CLASIFICACIÓN DECIMAL DEWEY
Número de clasificación RD863.44
Número de documento/Ítem A516v, 2003
100 1# - ENTRADA PRINCIPAL--NOMBRE DE PERSONA
Nombre de persona Amiama, Manuel A.
Fechas asociadas al nombre 1899-1991
9 (RLIN) 8438
245 10 - MENCIÓN DE TÍTULO
Título El viaje :
Resto del título ensayo de novela de la vida capitaleña /
Mención de responsabilidad, etc. Manuel A. Amiama ; prólogo Octavio Amiama de Castro.
250 ## - MENCIÓN DE EDICIÓN
Mención de edición 3a. ed.
260 ## - PUBLICACIÓN, DISTRIBUCIÓN, ETC.
Lugar de publicación, distribución, etc. Santo Domingo :
Nombre del editor, distribuidor, etc. Sociedad Dominicana de Bibliófilos,
Fecha de publicación, distribución, etc. 2003.
300 ## - DESCRIPCIÓN FÍSICA
Extensión 251 p. ;
Dimensiones 23 cm.
490 1# - MENCIÓN DE SERIE
Mención de serie Bibliófilos 2000
Designación de volumen o secuencia 9
500 ## - NOTA GENERAL
Nota general Incluye datos biográficos del autor en la contracubierta.
504 ## - NOTA DE BIBLIOGRAFÍA, ETC.
Nota de bibliografía, etc. Bibliografía: p. 244.
505 0# - NOTA DE CONTENIDO CON FORMATO
Información miscelánea Introducción /
Mención de responsabilidad Mariano Mella --
Título Prólogo /
Mención de responsabilidad Octavio Amiama de Castro --
Información miscelánea Palabras preliminares --
Título El viaje: novela --
-- Cronología de Manuel A. Amiama y los principales acontecimientos nacionales --
Información miscelánea Bibliografía.
590 ## - NOTA LOCAL (RLIN)
Nota local Inventariado, 2019/VM
650 #0 - PUNTO DE ACCESO ADICIONAL DE MATERIA--TÉRMINO DE MATERIA
Término de materia o nombre geográfico como elemento de entrada Novela dominicana
9 (RLIN) 223
650 #0 - PUNTO DE ACCESO ADICIONAL DE MATERIA--TÉRMINO DE MATERIA
Término de materia o nombre geográfico como elemento de entrada Literatura dominicana.
9 (RLIN) 67
651 #4 - PUNTO DE ACCESO ADICIONAL DE MATERIA--NOMBRE GEOGRÁFICO
Nombre geográfico Santo Domingo (República Dominicana{Rpara}
Subdivisión general Vida Social Y Costumbres
Subdivisión de forma Novela
9 (RLIN) 46369
700 1# - PUNTO DE ACCESO ADICIONAL--NOMBRE DE PERSONA
Nombre de persona Amiama de Castro, Octavio,
Término indicativo de función/relación pról.
9 (RLIN) 34334
830 #0 - PUNTO DE ACCESO ADICIONAL DE SERIE-TÍTULO UNIFORME
Título uniforme Bibliófilos 2000
Designación de volumen o secuencia 9
9 (RLIN) 1044
910 ## - DATOS DE OPCIÓN DEL USUARIO (OCLC)
Datos de opción del usuario Validado. Control de calidad EMS
942 ## - ELEMENTOS DE PUNTO DE ACCESO ADICIONAL (KOHA)
Fuente del sistema de clasificación o colocación Dewey Decimal Classification
Tipo de ítem Koha Libros y folletos
Holdings
Estado de retiro Estado de pérdida Restricciones de uso No para préstamo Código de colección Localización permanente Ubicación/localización actual Ubicación en estantería Fecha de adquisición Número de inventario Total de préstamos Signatura topográfica completa Código de barras Fecha visto por última vez Número de copia Precio válido a partir de Tipo de ítem Koha
        Dominicana de Servicio General General Depósito 12.10.2010 LF1   RD863.44 A516v, 2003 22521-30 25.06.2020 e. 3 25.06.2020 Libro y Folleto Colección Dominicana de Servicio
        Dominicana de Servicio General General Depósito 12.10.2010 LF1   RD863.44 A516v, 2003 22521-40 25.06.2020 e. 4 25.06.2020 Libro y Folleto Colección Dominicana de Servicio
        Dominicana de Servicio General General Depósito 12.10.2010 LF1   RD863.44 A516v, 2003 22521-50 25.06.2020 e. 5 25.06.2020 Libro y Folleto Colección Dominicana de Servicio
      Excluido de préstamo Patrimonio Dominicano Patrimonio Dominicano Patrimonio Dominicano Depósito 12.10.2010 LF1   RD863.44 A516v, 2003 22521-10 25.06.2020   25.06.2020 Libro y Folleto Colección Patrimonio Dominicano
      Excluido de préstamo Patrimonio Dominicano Patrimonio Dominicano Patrimonio Dominicano Depósito 12.10.2010 LF1   RD863.44 A516v, 2003 22521-20 25.06.2020 e. 2 25.06.2020 Libro y Folleto Colección Patrimonio Dominicano

Powered by Koha